000 00699nam a2200289Ia 4500
005 20260324120842.0
008 008 260324s9999 xx 000 0 eng d
020 _a9781315748863
037 _aEBOOK
040 _aCRL
040 _beng
040 _cCRL
041 _2eng
041 _aeng
084 _qCRL
100 _aP.B. de Maré
_91160225
245 0 _aPerspectives in Group Psychotherapy (RLE: Group Therapy)
245 2 _bA Theoretical Background
260 _bTaylor and Francis
260 _c2014
365 _a
365 _b220
856 _uhttp://www.taylorfrancis.com/books/9781315748863
942 _cEBOOK
999 _c1751961
_d1751961